LEADER 00855nam a2200205 a 4500 001 000000118317 003 CaOOAMICUS 005 20091125114031.0 008 091125s1968 it u000 u lat r 040 $aPUL(R)$bita$dCP 100 1 $aTondini, Amleto,$csac.,$d1899-1969.$0(OLS)http://pul/name/20639 245 10$aHamleti Tondini Inscriptiones Latinae. 260 $aRomae :$bex officina libraria Abete,$c1968. 300 $a569 p. ;$c25 cm 650 4$aIscrizioni latine.$0(OLS)http://pul/subject/10246 850 $aPUL 852 $aPUL$W1$xDP1 Cons. Gen., Altre Classi 1$y22$m242 I 17$j135737$qStampati$B134729$CPULBib$Z2$F134729 $H52775 $82 941 1 $a8 996 $6245$aHamleti Tondini Inscriptiones Latinae$9(OLS)http://pul/title/148896 996 $6260$aRomae :$bex officina libraria Abete$9(OLS)http://pul/publisher/80948 LEADER 01340nam a2200325 u 4500 001 000000074016 003 CaOOAMICUS 005 20150707123820.0 008 021128s1970 it u000 u ita u 035 $a10946364 040 $aPUL(R)$bita 100 1 $aRiva, Silvio,$csac.$0(OLS)http://pul/name/6291 245 10$aCatechetica Pastorale /$cSilvio Riva. 260 $aBrescia :$bEd. La Scuola,$c1970. 300 $a413 p.$c25 cm 490 1 $aVita cristiana. Guide per la catechesi e la pastorale 500 $aContiene indice. 504 $aBibliografia in nota. 650 4$aCatechesi.$0(OLS)http://pul/subject/4492 830 0$aVita cristiana. Guide per la catechesi e la pastorale.$0(OLS)http://pul/title/7475 850 $aPUL 852 $aPUL$W1$xSL Religione 2$y84$mRH E3 54$j95567$nBK-PRI$b $qStampati altre collocazioni$B95567$CPULBib$Z2$F95567 $H $81 852 $aPUL$W1$xDP1 Fondo S. Lanza$y121$m3 E 89$j167006$qFondi$B167595$CPULBib$Z2$F167595 $HLAN2245 $82 900 $aRiva, Silvio Antonio$96291 941 1 $a10 941 1 $a1 961 $aINV: 2324 961 $aNota ms. di possesso: Sergio Lanza 996 $6245$aCatechetica Pastorale$9(OLS)http://pul/title/97275 996 $6260$aBrescia :$bEd. La Scuola$9(OLS)http://pul/publisher/65388